00690nam a2200229 a 4500001001300000003000900013005001700022008004100039020002300080082001400103100001800117245003600135260004300171300000900214500003500223505003100258650002400289902000800313942000700321952011500328999001700443nice12345678IN_TiNIC20260116014100.0111116s2007 oxfa grp 000 0 eng  a9781851682478c39500a170bRUN1 aRunzo, Joseph aEthicsb in the World Religions aOxford bOne World Publications c2007 a381p aincludes index and biblioraphy2 aSelect Bibliography, Index aEthics and Religion bSRS cBK 001040708StackRoom-aHMIbHMId2011-11-17g395.00l0o170 RUN1p023698r2017-07-31v395.00w2011-11-16yBK c13798d13798